000 00320nam a2200145Ia 4500
008 210210b1931 xxu||||| |||| 00| 0 eng d
041 _aeng
082 _a721/24
100 _aLETHABY (W R)
245 _aArchitecture
260 _aLondon
_b-
_c1931
650 _aArchitecture
690 _aThe Arts
906 _a010995
999 _c139049
_d139049